000 01103nam a2200289Ia 4500
003 OSt
005 20221005110033.0
006 a|||||r|||| 00| 0
007 ta
008 221004b |||||||| |||| 00| 0 pan d
020 _c250
024 _a93174
037 _b531, 19/03/2009, Vani Prakashan
_cTextual
040 _aCRL
_cCRL
_bpan
041 _2pan
_apan
082 _aO153,1M76w, 152M8
100 _aनरूला, सुरिन्दर सिंह
245 0 _aधनीराम चात्रिक
246 _aDhanīrām chātrika
260 _aनई दिल्ली
_bसाहित्य अकादेमी भारत
_c1988
300 _a59पृ0
_ccm.
490 _aभारतीय साहित्य के निर्माता
650 _aपंजाबी निबंध
700 _a केलकर, र. श.
_9158365
942 _hO153,1M76w, 152M8
_cTEXL
_2cc
999 _c1017609
_d1017609